1892 1482 1628 1716 1834 1117 1317 1150 1995 1320 1645 1658 1261 1818 1497 1243 1060 1760 1779 1915 1209 1120 1191 1137 1129 1602 1755 1759 1960 1911 1489 1846 1879 1237 1081 1270 1183 1817 1660 1561 1412 1563 1423 1181 1899 1839 1245 1937 1291 1781 1325 1662 1441 1884 1433 1890 1608 1011 1775 1413 1285 1060 1937 1654 1170 1600 1485 1005 1740 1026 1334 1018 1369 1973 1223 1816 1637 1038 1873 1802 1127 1540 1663 1539 1434 1576 1482 1710 1624 1994 1066 1356 1686 1277 1087 1603 1480 1827 1688 BCNSPRNW ULIB Ver.6.0+V

เปลี่ยนเป็นภาษาไทย

Change to English
 แสดงรายละเอียดบรรณานุกรม
  กลับหน้าหลัก

Brief Record : Get Marc (ISO 2709) : E-mail record : QR code < ปิดหน้าต่าง
LEADER : 00000nam 2200000uu 4500
001    13399128211
003     ULIB
008    220815s2020||||th 000 0 tha d
020    ^a9781284044799
060 04 ^aQV37^bP536
245 00 ^aPharmacology for nurses /^cEdited by Blaine Templar Smith
250    ^a2rd
260    ^aBurlington :^bJones & Bartlett Learning,^c2020
300    ^axx, 539 p. ;^c28 cm.
504    ^aIncludes bibliographical references and index
650  0 ^aPharmacology
650  0 ^aNursing
650  2 ^aDrug Therapy^xnursing
650  2 ^aPharmacological Phenomena^vNurses Instruction
650  2 ^aPharmacology^vNurses Instruction
700 1  ^aSmith, Blaine Templar,^eed.
945    ^p0^l0^i009315
999    ^aประนอม เกษจรัล
รายการนี้ยังไม่มีแท็ก
คุณยังไม่ได้ล็อกอิน คุณสามารถมีกิจกรรมร่วมกับเว็บไซต์ได้ แต่ต้องล็อกอินก่อน ::
  ล็อกอิน

รายการสื่อสารสนเทศ

ลำดับที่ ประเภท เลขเรียก/บาร์โค้ด สถานที่ สถานะ
1. วิทยาศาสตร์การแพทย์ และสุขภาพ
หนังสือสำรอง
สถานะ=หนังสือสำรอง
QV37 P536 ฉ.1 
  Barcode: 009315
ห้องสมุดวิทยาเขตสวรรค์ประชารักษ์
►หนังสือทั่วไป
บนชั้น

รายการใกล้เคียง
    หัวเรื่อง [Pharmacology]
    หัวเรื่อง [Nursing]

BibComment


ยังไม่เคยถูกคอมเมนท์

คอมเมนท์ทรัพยากรรายการนี้
  คอมเมนท์: Pharmacology for..


 Copyright 2026. Bcnsprnw @Library